Dictionarium Aelii Antonii Nebrissensis ... (Registro nro. 72442)

Detalles MARC
000 -ENCABEZADO
Número de control [NR] 02729nam a2200313Ia 4500
005 - FECHA Y HORA DE LA ÚLTIMA TRANSACCIÓN
control field 20180402151632.0
008 - DE LONGITUD FIJA DE DATOS DE ELEMENTOS - INFORMACIÓN GENERAL
Elementos de longitud fija [NR] 130821s1764 sp frd mulsd
040 ## - FUENTE DE CATALOGACION [NR]
Agencia de catalogación original [NR] Co-BoUCM
Idioma de catalogación [NR] spa
Quien Cataloga Sandra Yazo
Quien Clasifica Sandra Yazo
041 0# - CODIGO DE IDIOMA [R]
Código de idioma para texto/pista de sonido o título separado [R] Latín
-- Español
082 04 - NUMERO DE CLASIFICACION DECIMAL DEWEY [R]
Número de clasificación [R] R404.2
Número de la edición [NR] 20
092 ## - SIGNATURA TOPOGRAFICA LOCAL
Número de clasificación local E12N084
100 1# - ASIENTO PRINCIPAL--NOMBRE PERSONAL [NR]
Nombre personal [NR] Nebrija, Antonio de
ID Autoridad 62624
Fechas asociadas con el nombre [NR] 1444?-1522
242 00 - TRADUCCION DEL TITULO POR LA AGENCIA CATALOGADORA [R]
Título [NR] Diccionario de Elio Antonio de Nebrija.
Código de idioma del título traducido [NR] spa
Parte restante del título [NR] Además, se adicionaron trabajos de Juan López Serrano. Se incluyeron muchas dicciones de las Sagradas Escrituras y de los textos de ambos derechos. Se incluyen las palabras reconocidas y corregidas de errores anteriores por el cuidado de Juan González Manrique.
245 10 - MENCION DE TITULO [NR]
Título [NR] Dictionarium Aelii Antonii Nebrissensis ...
Parte restante del título [NR] Praeter Joannis Lopez Serrani … labores … addita ... Accesserunt permultae dictiones, tum ex Sacrarum Litterarum, tum ex utriusque iuris voluminibus ... Posita sunt etiam omnia recognita, et ab innumeris quibus scatebat mendis vindicata ... Studio, & diligentia L. D. Ioannis Gonzalez Marique.
250 ## - MENCION DE EDICION [NR]
Mención de edición [NR] Accuratius revissa, diligenter recognita, ac denique a mendis perquam plurimis correcta [Cuidadosamente repasados y revisados; corregidos de muchísimas erratas]
260 ## - PUBLICACION, DISTRIBUCION, ETC. (PIE DE IMPRENTA) [R]
Lugar de publicación, distribución, etc. [R] Madrid (España)
Nombre del editor, distribuidor, etc. [R] En la oficina de Manuel Martín y a su costa
Fecha de publicación, distribución, etc. [R] 1764
300 ## - DESCRIPCION FISICA [R]
Extensión [R] [14], 776 páginas
Dimensiones [R] 30 x 21 cm.
500 ## - NOTA GENERAL [R]
Nota general [NR] Detalles físicos: Encuadernación original, rígida en cartón forrado en cuero, conserva las cerraduras. Guardas deterioradas. Portada impresa en dos tintas, con un grabado decorativo. Privilegio real. Licencias y permisos. Erratas. Prefacio. Texto impreso en dos columnas con varios tipos y tamaños de letra. Signatura y reclamos. Varias hojas sueltas (página 271 – 274, 435 - 446). Portadilla. Cortes pintados. Papel con deformación de plano
505 0# - NOTA DE CONTENIDO CON FORMATO PREESTABLECIDO [R]
Nota de contenido con formato preestablecido [NR] Diccionario latino-español: Índice de palabras antiguas, raramente usadas por Terencio ; Índice de palabras ciceronianas, opuestas a los barbarismos del lenguaje cotidiano ; Diccionario de nombres propios, elaborado de probadísimos autores griegos y latinos ; Lugares más recientes con sus nombres vulgares ya corregidos ; Diccionario de romance en latín y español-latín ; Compendio de los vocablos arábigos corruptos que comúnmente usamos en nuestra lengua castellana
506 ## - NOTA DE RESTRICCIONES DE ACCESO [R]
Condiciones de acceso [NR] Consulta en sala
546 ## - NOTA DE IDIOMA [R]
Nota de idioma [NR] Texto en latín y español
650 #7 - ASIENTO SECUNDARIO DE MATERIA - TERMINO TEMATICO [R]
Término temático o nombre geográfico como elemento de entrada [NR] Latín
Subdivisión de forma [R] Diccionarios
Subdivisión general [R] Obras anteriores a 1800
9 (RLIN) 18289
650 74 - ASIENTO SECUNDARIO DE MATERIA - TERMINO TEMATICO [R]
Término temático o nombre geográfico como elemento de entrada [NR] Latín
Subdivisión de forma [R] Diccionarios
Subdivisión general [R] Español
9 (RLIN) 70580
650 #0 - ASIENTO SECUNDARIO DE MATERIA - TERMINO TEMATICO [R]
Término temático o nombre geográfico como elemento de entrada [NR] Español
Subdivisión de forma [R] Diccionarios
Subdivisión general [R] Latín
9 (RLIN) 88578
690 ## - ASUNTO AGREGADO LOCAL DE ENTRADA - TÉRMINO TEMÁTICO (OCLC, RLIN)
Acceso temático local Lingüística aplicada
9 (RLIN) 439
700 1# - ASIENTO SECUNDARIO - NOMBRE PERSONAL [R]
Nombre personal [NR] González Manrique, Juan
9 (RLIN) 62666
700 1# - ASIENTO SECUNDARIO - NOMBRE PERSONAL [R]
Nombre personal [NR] Lopez Serrano, Juan
9 (RLIN) 62667
942 ## - ELEMENTOS DE ENTRADA AGREGADOS (KOHA)
Tipo de ítem principal el descrito en 300a Libro
Tema principal 12
Edición 1
Sistema de clasificación LOCAL
Clasificación E12N084
Existencias
Suprimido Perdido Sistema de clasificación Dañado No prestable Tipo de ítem específico Ubicación habitual Ubicación actual Localización Fecha de creación Forma de adquisición Costo Total préstamos Signatura topográfica Código de barras Última vez visto Ejemplar Price effective from Tipo de ítem
    LOCAL     Libro archivo Archivo Histórico Archivo Histórico Archivo histórico 28/02/2014 Donación 0.00   E12N084 L001342 15/12/2012 Ej.1 03/02/2013 Libro